[Event "Mercredi 2013.01.09 ABCD"]
[Site "Montreal"]
[Date "2013.01.30"]
[Round "4"]
[White "Tremblay, Alain"]
[Black "Cardin, Guillaume"]
[Result "1-0"]
[WhiteElo "2074"]
[BlackElo "2092"]
[PlyCount "97"]
[EventDate "2013.01.09"]
[EventRounds "5"]
[EventCountry "CAN"]
[SourceDate "2005.09.12"]

1. Nf3 Nf6 2. b4 e5 3. b5 e4 4. Nd4 c5 5. Nb3 d5 6. e3 Bd6 7. Bb2 Ng4 8. Nc3
Qg5 9. Qe2 Nxh2 10. Rxh2 Bxh2 11. O-O-O Bd6 12. f4 exf3 13. gxf3 O-O 14. Bg2
Be6 15. f4 Qf5 16. Rg1 a5 17. Nxd5 Qg6 18. Qf1 Bg4 19. f5 Qxf5 20. Nf6+ Kh8 21.
Nxg4 Qxf1+ 22. Bxf1 a4 23. Na1 Nd7 24. Bc3 f6 25. Bd3 Ne5 26. Nxe5 Bxe5 27.
Bxe5 fxe5 28. Be4 Rf7 29. c4 Raf8 30. Bd3 e4 31. Bxe4 Rf1+ 32. Rxf1 Rxf1+ 33.
Kb2 a3+ 34. Kxa3 Rxa1 35. Bxb7 Kg8 36. Bc6 Rb1 37. d4 cxd4 38. exd4 h5 39. Ka4
Kf7 40. Ka5 Ke7 41. b6 Kd8 42. Ka6 Rb4 43. Bb5 Rb2 44. a4 Rf2 45. Ka7 Rf8 46.
d5 h4 47. d6 h3 48. b7 Rf7 49. d7 1-0

[Event "Mercredi 2013.01.09 ABCD"]
[Site "Montreal"]
[Date "2013.01.30"]
[Round "4"]
[White "Levkovsky, Alexandre"]
[Black "Lopez Linares, Lizandro"]
[Result "1-0"]
[WhiteElo "2237"]
[BlackElo "2066"]
[PlyCount "79"]
[EventDate "2013.01.09"]
[EventRounds "5"]
[EventCountry "CAN"]
[SourceDate "2005.09.12"]

1. e4 e6 2. d4 d5 3. Nd2 Nf6 4. e5 Nfd7 5. Bd3 c5 6. c3 Nc6 7. Ne2 cxd4 8. cxd4
f6 9. exf6 Nxf6 10. Nf3 Bd6 11. O-O O-O 12. Bg5 Qb6 13. Qb1 Nb4 14. Bxf6 Nxd3
15. Bxg7 Kxg7 16. Qxd3 Bd7 17. Qe3 Bb5 18. Rfe1 Bxe2 19. Rxe2 Rae8 20. Ne5 Qd8
21. f4 Bxe5 22. Qxe5+ Qf6 23. g3 Rc8 24. Rae1 Rc6 25. Kf2 Rfc8 26. Qxf6+ Kxf6
27. Ke3 Rc4 28. Kd3 R8c6 29. Re5 Ra4 30. f5 exf5 31. Rxd5 Rxa2 32. Rb5 Rb6 33.
Rxb6+ axb6 34. Kc3 Ra5 35. Re8 Rd5 36. Kc4 Rd7 37. d5 Rc7+ 38. Kd4 Rd7 39. Re6+
Kg5 40. Ke5 1-0

[Event "Mercredi 2013.01.09 ABCD"]
[Site "Montreal"]
[Date "2013.02.06"]
[Round "5"]
[White "Cardin, Guillaume"]
[Black "Levkovsky, Alexandre"]
[Result "0-1"]
[WhiteElo "2092"]
[BlackElo "2237"]
[PlyCount "44"]
[EventDate "2013.01.09"]
[EventRounds "5"]
[EventCountry "CAN"]
[SourceDate "2005.09.12"]

1. d4 Nf6 2. c4 e6 3. Nf3 b6 4. g3 Ba6 5. Nbd2 d5 6. cxd5 exd5 7. Bg2 Be7 8.
O-O O-O 9. Re1 c5 10. e4 dxe4 11. Ng5 Nc6 12. Ndxe4 Nxd4 13. Nxf6+ Bxf6 14. Qh5
Bd3 15. Re4 h6 16. Nh3 Bxe4 17. Bxe4 Re8 18. Bd5 Re1+ 19. Kg2 Qe8 20. Bxa8
Qxa8+ 21. f3 Qe8 22. Ng1 Qb5 0-1

[Event "Mercredi 2013.01.09 ABCD"]
[Site "Montreal"]
[Date "2013.01.09"]
[Round "1"]
[White "Cloutier, Mathieu"]
[Black "Verdejo, Jose"]
[Result "0-1"]
[WhiteElo "2042"]
[BlackElo "1900"]
[PlyCount "92"]
[EventDate "2013.01.09"]
[EventRounds "5"]
[EventCountry "CAN"]
[SourceDate "2005.09.12"]

1. e4 e5 2. Nf3 Nc6 3. Bb5 Nd4 4. Nxd4 exd4 5. O-O c6 6. Bc4 d6 7. Re1 Ne7 8.
Qf3 Be6 9. Bxe6 fxe6 10. Qb3 Qd7 11. f4 g6 12. f5 gxf5 13. exf5 e5 14. Rf1 Nd5
15. c4 Nf4 16. Qf3 Qxf5 17. Re1 Rg8 18. Kh1 O-O-O 19. g3 Qd3 20. Qf2 Ng6 21.
Nc3 dxc3 22. dxc3 Bg7 23. Bg5 Rdf8 24. Qxa7 Qf3+ 25. Kg1 Qg4 26. Be3 Nh4 27.
Bb6 Nf3+ 28. Kh1 Nxe1 29. Rxe1 Qxc4 30. Qa8+ Kd7 31. Qxb7+ Ke6 32. Kg1 Bh6 33.
Qxh7 Bd2 34. Qh3+ Qg4 35. Qxg4+ Rxg4 36. Re2 Rb8 37. Rxd2 Rxb6 38. b4 e4 39. a4
Ke5 40. a5 Ra6 41. Kf2 Rg6 42. Ke3 Rf6 43. Rg2 Rf3+ 44. Kd2 c5 45. h4 cxb4 46.
cxb4 Rb3 0-1

[Event "Mercredi 2013.01.09 ABCD"]
[Site "Montreal"]
[Date "2013.01.09"]
[Round "1"]
[White "Boudreau, Daniel"]
[Black "Gilniat, Goeffrey"]
[Result "1-0"]
[WhiteElo "2009"]
[BlackElo "1967"]
[PlyCount "68"]
[EventDate "2013.01.09"]
[EventRounds "5"]
[EventCountry "CAN"]
[SourceDate "2005.09.12"]

1. e4 d6 2. d4 Nf6 3. Nc3 g6 4. Bg5 Bg7 5. Qd2 Nbd7 6. Nf3 c5 7. O-O-O Qa5 8.
Kb1 cxd4 9. Nxd4 a6 10. f3 b5 11. Nb3 Qc7 12. Nd5 Nxd5 13. exd5 Bb7 14. Na5 Nf6
15. Nxb7 Qxb7 16. g4 Rc8 17. Be3 Nd7 18. f4 Qc7 19. Bg2 Nb6 20. Bxb6 Qxb6 21.
Rhe1 Rc7 22. Qe3 Qb7 23. h4 b4 24. g5 a5 25. h5 O-O 26. hxg6 hxg6 27. Bh3 Qa7
28. Qe4 Qc5 29. f5 gxf5 30. Bxf5 Be5 31. Bh7+ Kg7 32. Qh4 Rb8 33. Qh6+ Kh8 34.
Bg6+ Kg8 1-0

[Event "Mercredi 2013.01.09 ABCD"]
[Site "Montreal"]
[Date "2013.01.16"]
[Round "2"]
[White "Verdejo, Jose"]
[Black "Gilniat, Goeffrey"]
[Result "1/2-1/2"]
[WhiteElo "1900"]
[BlackElo "1967"]
[PlyCount "60"]
[EventDate "2013.01.09"]
[EventRounds "5"]
[EventCountry "CAN"]
[SourceDate "2005.09.12"]

1. d4 Nf6 2. Nf3 e6 3. c4 d5 4. Nc3 Be7 5. Bg5 Nbd7 6. e3 O-O 7. Rc1 c5 8. cxd5
cxd4 9. Qxd4 Nxd5 10. Bxe7 Nxe7 11. Bb5 Nf5 12. Qb4 Qe7 13. Qxe7 Nxe7 14. O-O
a6 15. Bxd7 Bxd7 16. Ne5 Rfd8 17. Rfd1 Bc6 18. Nxc6 Nxc6 19. Ne4 Rxd1+ 20. Rxd1
Rd8 21. Rxd8+ Nxd8 22. Nc5 Kf8 23. Kf1 Ke7 24. Ke2 Kd6 25. Ne4+ Kd5 26. Kd3 h6
27. a3 b5 28. Nc3+ Kc5 29. Ne4+ Kd5 30. Nc3+ Kc5 1/2-1/2

[Event "Mercredi 2013.01.09 ABCD"]
[Site "Montreal"]
[Date "2013.01.23"]
[Round "3"]
[White "Dumouchel, Alain"]
[Black "Verdejo, Jose"]
[Result "1-0"]
[WhiteElo "2020"]
[BlackElo "1900"]
[PlyCount "78"]
[EventDate "2013.01.09"]
[EventRounds "5"]
[EventCountry "CAN"]
[SourceDate "2005.09.12"]

1. e4 e5 2. Nf3 Nc6 3. Bc4 Nf6 4. Ng5 d5 5. exd5 Na5 6. Bb5+ c6 7. dxc6 bxc6 8.
Bd3 h6 9. Ne4 Nd5 10. Be2 Be7 11. d3 O-O 12. O-O f5 13. Ng3 Rb8 14. b3 Rb4 15.
c4 Nf4 16. Na3 Bf6 17. Nc2 Rb8 18. Be3 Nxe2+ 19. Nxe2 e4 20. d4 c5 21. Qd2 g5
22. g3 Nc6 23. Rad1 cxd4 24. Ncxd4 Ne5 25. f3 Qe8 26. fxe4 Ng4 27. Nc3 Bb7 28.
Rxf5 Bxe4 29. Rd5 Bxd5 30. Nxd5 Bg7 31. Re1 Qf7 32. Nc6 Rbe8 33. Bc5 Rxe1+ 34.
Qxe1 Re8 35. Nce7+ Kh8 36. Qe4 Ne5 37. Kg2 g4 38. Bd6 Rf8 39. Nf4 Qh5 1-0

[Event "Mercredi 2013.01.09 ABCD"]
[Site "Montreal"]
[Date "2013.01.30"]
[Round "4"]
[White "Cloutier, Mathieu"]
[Black "Gilniat, Goeffrey"]
[Result "0-1"]
[WhiteElo "2042"]
[BlackElo "1967"]
[PlyCount "76"]
[EventDate "2013.01.09"]
[EventRounds "5"]
[EventCountry "CAN"]
[SourceDate "2005.09.12"]

1. e4 d6 2. d4 Nf6 3. Nc3 g6 4. f4 Bg7 5. Nf3 c5 6. Bb5+ Bd7 7. e5 Ng4 8. Ng5
Bxb5 9. Nxb5 Qa5+ 10. Nc3 cxd4 11. Qxg4 Nc6 12. Bd2 dxc3 13. Bxc3 Qc5 14. O-O-O
O-O 15. e6 f6 16. Nh3 f5 17. Qf3 Bxc3 18. bxc3 Rf6 19. Ng5 Rc8 20. h4 h5 21.
Rh3 Nd8 22. Rg3 Kg7 23. Rd5 Qa3+ 24. Kd2 Rc5 25. Rxd6 Rxc3 26. Qxc3 Qxd6+ 27.
Ke3 Nxe6 28. Qe5 Qc5+ 29. Qxc5 Nxc5 30. Rf3 Ra6 31. Kd4 Ne6+ 32. Nxe6+ Rxe6 33.
Rc3 Kf6 34. Rc7 Re4+ 35. Kd5 Rb4 36. c4 a5 37. a3 Rb3 38. Rc5 Rd3# 0-1

[Event "Mercredi 2013.01.09 ABCD"]
[Site "Montreal"]
[Date "2013.01.30"]
[Round "4"]
[White "Dumouchel, Alain"]
[Black "Boudreau, Daniel"]
[Result "0-1"]
[WhiteElo "2020"]
[BlackElo "2009"]
[PlyCount "75"]
[EventDate "2013.01.09"]
[EventRounds "5"]
[EventCountry "CAN"]
[SourceDate "2005.09.12"]

1. e4 c5 2. Nf3 e6 3. d4 cxd4 4. Nxd4 Nc6 5. Nb5 d6 6. c4 Nf6 7. N1c3 a6 8. Na3
b6 9. Be2 Bb7 10. O-O Be7 11. Be3 O-O 12. f4 Re8 13. Bf3 Qc7 14. Kh1 Rad8 15.
Rf2 d5 16. cxd5 exd5 17. Rd2 Bxa3 18. bxa3 dxe4 19. Be2 Rxd2 20. Qxd2 Rd8 21.
Qb2 b5 22. a4 b4 23. Nd1 Nd5 24. a3 Nxe3 25. Nxe3 Qxf4 26. Nc4 a5 27. axb4 axb4
28. Rf1 Qg5 29. a5 h5 30. Qa2 Nd4 31. a6 b3 32. Qa5 Qxa5 33. Nxa5 Bd5 34. Bxh5
g6 35. Rd1 b2 36. Rxd4 b1=Q+ 37. Rd1 Qc2 38. Nc6 0-1

[Event "Mercredi 2013.01.09 ABCD"]
[Site "Montreal"]
[Date "2013.02.06"]
[Round "5"]
[White "Gilniat, Goeffrey"]
[Black "Dumouchel, Alain"]
[Result "0-1"]
[WhiteElo "1967"]
[BlackElo "2020"]
[PlyCount "48"]
[EventDate "2013.01.09"]
[EventRounds "5"]
[EventCountry "CAN"]
[SourceDate "2005.09.12"]

1. e4 e5 2. Nf3 Nc6 3. Bc4 Bc5 4. Nc3 Nf6 5. d3 d6 6. Bg5 a6 7. Nd5 b5 8. Nxf6+
gxf6 9. Bd5 Bd7 10. Bh4 Bb6 11. Nd2 h5 12. c3 Qe7 13. Qf3 Rh6 14. Nf1 O-O-O 15.
Bxc6 Bxc6 16. Ng3 Bd7 17. Nxh5 Rg8 18. Nxf6 Rxh4 19. Nxg8 Qg5 20. Qf6 Qxg2 21.
Ne7+ Kb7 22. O-O-O Rf4 23. Qh6 Rxf2 24. Rdg1 Rc2+ 0-1

[Event "Mercredi 2013.01.09 ABCD"]
[Site "Montreal"]
[Date "2013.02.06"]
[Round "5"]
[White "Boudreau, Daniel"]
[Black "Verdejo, Jose"]
[Result "1-0"]
[WhiteElo "2009"]
[BlackElo "1900"]
[PlyCount "93"]
[EventDate "2013.01.09"]
[EventRounds "5"]
[EventCountry "CAN"]
[SourceDate "2005.09.12"]

1. e4 c6 2. d4 d5 3. exd5 cxd5 4. c4 Nf6 5. Nc3 g6 6. Nf3 Bg7 7. cxd5 O-O 8.
Bc4 Nbd7 9. O-O Nb6 10. Bb3 Nfxd5 11. h3 Be6 12. Ng5 Nxc3 13. bxc3 Bd5 14. Bxd5
Qxd5 15. Nf3 Rfc8 16. Re1 e6 17. Re3 Nc4 18. Rd3 Rd8 19. Nd2 Rac8 20. Nxc4 Rxc4
21. Bb2 e5 22. Qd2 exd4 23. cxd4 Rdc8 24. Rc1 Rxc1+ 25. Bxc1 Qc4 26. Ba3 Qd5
27. Bb4 h5 28. a4 Kh7 29. Qb2 Rc4 30. a5 Qe4 31. Re3 Qxd4 32. Qxd4 Bxd4 33. Rb3
Rc2 34. Rf3 Kg7 35. g4 hxg4 36. hxg4 Rc4 37. Bd2 b5 38. axb6 axb6 39. Rf4 b5
40. Rxd4 Rc2 41. Be3 Kf6 42. Rb4 Rc4 43. g5+ Ke6 44. Rxb5 f5 45. Rb6+ Kf7 46.
Kg2 f4 47. Rf6+ 1-0

[Event "Mercredi 2013.01.09 ABCD"]
[Site "Montreal"]
[Date "2013.01.09"]
[Round "1"]
[White "Nardone, Raul"]
[Black "Heredia, Jose"]
[Result "1-0"]
[WhiteElo "1851"]
[BlackElo "1766"]
[PlyCount "25"]
[EventDate "2013.01.09"]
[EventRounds "5"]
[EventCountry "CAN"]
[SourceDate "2005.09.12"]

1. d4 d5 2. Nf3 Nf6 3. Bg5 e6 4. e3 Nbd7 5. Nbd2 Be7 6. Bd3 b6 7. O-O h6 8. Bh4
g5 9. Bg3 Nh5 10. Ne5 Nxe5 11. Bxe5 Nf6 12. f4 Rg8 13. fxg5 1-0

[Event "Mercredi 2013.01.09 ABCD"]
[Site "Montreal"]
[Date "2013.01.09"]
[Round "1"]
[White "Barko, Maxime"]
[Black "Pilotte, Benoit"]
[Result "0-1"]
[WhiteElo "1828"]
[BlackElo "1804"]
[PlyCount "68"]
[EventDate "2013.01.09"]
[EventRounds "5"]
[EventCountry "CAN"]
[SourceDate "2005.09.12"]

1. d4 d6 2. Nf3 g6 3. Nc3 Bg7 4. e4 a6 5. Be3 h6 6. Qd2 e6 7. Be2 Ne7 8. h4 Nd7
9. O-O-O b5 10. d5 e5 11. a3 f5 12. g3 Nf6 13. h5 fxe4 14. Ng1 g5 15. f3 Bf5
16. Rf1 Kd7 17. Kb1 Qg8 18. fxe4 Bxe4 19. Nxe4 Nxe4 20. Bg4+ Ke8 21. Qb4 Nxg3
22. Be6 Qh7 23. Rf7 Rf8 24. Qc3 Rxf7 25. Qxc7 Nxh1 26. Qxd6 Rf1+ 27. Ka2 Bf6
28. Qd7+ Kf8 29. Bc5 Qxc2 30. d6 Qb1+ 31. Kb3 Qd3+ 32. Ka2 Qb1+ 33. Kb3 Qd3+
34. Kb4 a5# 0-1

[Event "Mercredi 2013.01.09 ABCD"]
[Site "Montreal"]
[Date "2013.01.09"]
[Round "1"]
[White "Ostaci, Liviu"]
[Black "Gates, Claude-Eric"]
[Result "1-0"]
[WhiteElo "1892"]
[BlackElo "1761"]
[PlyCount "87"]
[EventDate "2013.01.09"]
[EventRounds "5"]
[EventCountry "CAN"]
[SourceDate "2005.09.12"]

1. d4 d5 2. Nf3 Nf6 3. e3 e6 4. Bd3 Nbd7 5. O-O c6 6. Nbd2 Be7 7. Qe2 Qc7 8.
Rb1 a5 9. b3 O-O 10. Bb2 Re8 11. Rfc1 a4 12. Nf1 Nf8 13. Ne5 N6d7 14. f4 f6 15.
Nf3 Bd6 16. c4 axb3 17. axb3 Qd8 18. Ra1 Rxa1 19. Rxa1 Ng6 20. Bxg6 hxg6 21.
Qc2 Kf7 22. Ra8 Nb6 23. Ra7 Bb8 24. Ra1 dxc4 25. bxc4 Rh8 26. Rd1 Qe7 27. g3
Qb4 28. c5 Nd5 29. e4 Ne7 30. Rd3 Qa5 31. Ra3 Qc7 32. Qb3 Qd7 33. Ra8 Bc7 34.
Ra7 Rh5 35. Qc4 Kg8 36. Bc3 Kh7 37. Ra1 b6 38. Ra7 Qd8 39. Ne3 bxc5 40. dxc5
Rxc5 41. Qxc5 Bb6 42. Qxe7 Bxe3+ 43. Kg2 Bxa7 44. Qxd8 1-0

[Event "Mercredi 2013.01.09 ABCD"]
[Site "Montreal"]
[Date "2013.01.16"]
[Round "2"]
[White "Heredia, Jose"]
[Black "Barko, Maxime"]
[Result "1-0"]
[WhiteElo "1766"]
[BlackElo "1828"]
[PlyCount "105"]
[EventDate "2013.01.09"]
[EventRounds "5"]
[EventCountry "CAN"]
[SourceDate "2005.09.12"]

1. e4 e6 2. d4 d5 3. exd5 exd5 4. Nf3 Nc6 5. h3 Bd6 6. Bd3 Nge7 7. a3 Bf5 8.
Nc3 Qd7 9. Nb5 O-O-O 10. Nxd6+ Qxd6 11. Be3 f6 12. Qd2 g5 13. g4 Be4 14. Bxe4
dxe4 15. Nh2 Nxd4 16. O-O-O Nec6 17. Nf1 Qe6 18. Bxd4 Rxd4 19. Qe2 Rxd1+ 20.
Qxd1 Rd8 21. Nd2 Nd4 22. Qe1 Qc6 23. c3 Re8 24. Qe3 Nb5 25. Re1 Nd6 26. Qxa7 f5
27. gxf5 Nxf5 28. Nf1 b6 29. Qa6+ Kb8 30. Ne3 Nxe3 31. Rxe3 Qf6 32. Qe2 Qf4 33.
Kd2 Rd8+ 34. Ke1 Qh2 35. Qf1 Qd6 36. Qe2 Qh2 37. Qf1 Qf4 38. Ke2 h5 39. Qb1 Rf8
40. Qg1 Rd8 41. Qb1 Qd6 42. Rxe4 Qd2+ 43. Kf1 Rd3 44. Kg2 g4 45. hxg4 h4 46.
Qe1 Rg3+ 47. Kh2 Qxb2 48. Re8+ Ka7 49. Re2 Qxc3 50. fxg3 hxg3+ 51. Qxg3 Qh8+
52. Kg1 Qa1+ 53. Kg2 1-0

[Event "Mercredi 2013.01.09 ABCD"]
[Site "Montreal"]
[Date "2013.01.16"]
[Round "2"]
[White "Gates, Claude-Eric"]
[Black "Pilotte, Benoit"]
[Result "1-0"]
[WhiteElo "1761"]
[BlackElo "1804"]
[PlyCount "79"]
[EventDate "2013.01.09"]
[EventRounds "5"]
[EventCountry "CAN"]
[SourceDate "2005.09.12"]

1. d4 d6 2. Nf3 g6 3. Bf4 Bg7 4. e3 a6 5. Be2 e6 6. O-O b6 7. c4 Nd7 8. Nc3 h6
9. e4 Bb7 10. Re1 g5 11. Be3 Ngf6 12. d5 Qe7 13. Nd4 Nc5 14. Bf3 g4 15. Bxg4
Nxg4 16. Qxg4 Bxd4 17. Bxd4 e5 18. Bxc5 bxc5 19. f4 exf4 20. Qxf4 f6 21. Rf1
Rf8 22. a3 Qg7 23. Rf3 Qg5 24. b4 cxb4 25. axb4 Ke7 26. Ne2 Rg8 27. Qxg5 Rxg5
28. Nd4 Re5 29. Rf4 Re8 30. Kf2 Kd7 31. Re1 c6 32. dxc6+ Bxc6 33. Nxc6 Kxc6 34.
Ke3 f5 35. Kd4 h5 36. Re3 R8e7 37. Rxf5 Rxf5 38. exf5 Rf7 39. Rf3 Rf6 40. Rf4
1-0

[Event "Mercredi 2013.01.09 ABCD"]
[Site "Montreal"]
[Date "2013.01.16"]
[Round "2"]
[White "Ostaci, Liviu"]
[Black "Nardone, Raul"]
[Result "1/2-1/2"]
[WhiteElo "1892"]
[BlackElo "1851"]
[PlyCount "63"]
[EventDate "2013.01.09"]
[EventRounds "5"]
[EventCountry "CAN"]
[SourceDate "2005.09.12"]

1. d4 d5 2. Nf3 c6 3. e3 e6 4. Bd3 f5 5. O-O Nf6 6. Nbd2 Bd6 7. Re1 Nbd7 8. Nf1
O-O 9. c4 Ne4 10. c5 Bc7 11. Qc2 Qe8 12. Rb1 Qh5 13. b4 Rf6 14. b5 g5 15. Bb2
Rh6 16. bxc6 bxc6 17. Be2 g4 18. Ne5 Nxe5 19. dxe5 Qh4 20. Bd3 Ng5 21. Ng3 Nf3+
22. Kf1 Nxe1 23. Kxe1 Qxh2 24. Bf1 Qh4 25. Bd4 Qg5 26. Qd2 Qg7 27. Qc3 Qf8 28.
Qd2 Qg7 29. Qc3 Qg5 30. Qd2 Qg7 31. Qc3 Qg5 32. Qd2 1/2-1/2

[Event "Mercredi 2013.01.09 ABCD"]
[Site "Montreal"]
[Date "2013.01.23"]
[Round "3"]
[White "Pilotte, Benoit"]
[Black "Heredia, Jose"]
[Result "0-1"]
[WhiteElo "1804"]
[BlackElo "1766"]
[PlyCount "76"]
[EventDate "2013.01.09"]
[EventRounds "5"]
[EventCountry "CAN"]
[SourceDate "2005.09.12"]

1. f4 d5 2. b3 Bf5 3. Nf3 e6 4. Bb2 Nd7 5. e3 h6 6. Be2 Ngf6 7. O-O Bc5 8. Kh1
Qe7 9. Nc3 O-O-O 10. Na4 Bd6 11. Nd4 g5 12. Ba6 Bg4 13. Nc6 Bxd1 14. Nxe7+ Bxe7
15. fxg5 hxg5 16. Bd3 Bh5 17. c4 Rhf8 18. c5 Ne4 19. Bxe4 dxe4 20. Rac1 Nb8 21.
Rc2 Be2 22. Rf2 Bd3 23. Rc1 Nc6 24. Bg7 f5 25. Bxf8 Bxf8 26. Nc3 Bg7 27. a3 Be5
28. b4 Rh8 29. g3 Bxg3 30. Rg2 Be5 31. b5 Na5 32. b6 a6 33. Rxg5 Rxh2+ 34. Kg1
c6 35. Rg8+ Kd7 36. Nb1 Nb3 37. Rc3 Bxc3 38. Kxh2 Be5+ 0-1

[Event "Mercredi 2013.01.09 ABCD"]
[Site "Montreal"]
[Date "2013.01.23"]
[Round "3"]
[White "Nardone, Raul"]
[Black "Gates, Claude-Eric"]
[Result "1/2-1/2"]
[WhiteElo "1851"]
[BlackElo "1761"]
[PlyCount "80"]
[EventDate "2013.01.09"]
[EventRounds "5"]
[EventCountry "CAN"]
[SourceDate "2005.09.12"]

1. d4 Nf6 2. Nf3 e6 3. Bg5 d5 4. Nbd2 Be7 5. e3 b6 6. c3 O-O 7. Ne5 Bb7 8. Bd3
Nbd7 9. f4 c5 10. Qf3 cxd4 11. exd4 Ne4 12. Bxe7 Qxe7 13. Nxd7 Qxd7 14. Nxe4
dxe4 15. Bxe4 Bxe4 16. Qxe4 Qb5 17. Qe2 Qd5 18. O-O Rac8 19. a3 Rfd8 20. Rae1
b5 21. Qf3 Qb3 22. Rf2 a5 23. f5 exf5 24. Qxf5 f6 25. Rfe2 Rf8 26. d5 Rcd8 27.
Qe6+ Rf7 28. Rd2 b4 29. Qb6 Rfd7 30. d6 Qc4 31. Rd4 Qa2 32. axb4 Qxb2 33. Qc5
axb4 34. cxb4 Qa3 35. Qd5+ Kf8 36. Qe6 Qc3 37. Rde4 Rxd6 38. Qg4 R6d7 39. Qe2
Qc8 40. Qh5 g6 1/2-1/2

[Event "Mercredi 2013.01.09 ABCD"]
[Site "Montreal"]
[Date "2013.01.23"]
[Round "3"]
[White "Barko, Maxime"]
[Black "Ostaci, Liviu"]
[Result "1-0"]
[WhiteElo "1828"]
[BlackElo "1892"]
[PlyCount "159"]
[EventDate "2013.01.09"]
[EventRounds "5"]
[EventCountry "CAN"]
[SourceDate "2005.09.12"]

1. Nf3 d5 2. d4 Bg4 3. Ne5 Bh5 4. Qd3 c6 5. Qh3 Bg6 6. Nxg6 fxg6 7. e4 Qd7 8.
Qxd7+ Nxd7 9. exd5 cxd5 10. Bb5 O-O-O 11. Bf4 Ngf6 12. Nd2 Nh5 13. Be3 h6 14.
h4 Nb6 15. Bd3 e6 16. Bxg6 Nf6 17. Bf7 Kd7 18. Nf3 Bd6 19. Ne5+ Bxe5 20. dxe5
Ne8 21. b3 Ke7 22. Bxe8 Rhxe8 23. Rd1 Ra8 24. Bc5+ Kf7 25. c3 Rac8 26. Bb4 Nd7
27. f4 Rc6 28. Rh3 h5 29. Rhd3 Nf8 30. Kd2 Rcc8 31. f5 Rcd8 32. Kc2 b6 33. c4
exf5 34. Rxd5 Ne6 35. Rd7+ Kg6 36. Rxa7 Nd4+ 37. Kc1 Rxe5 38. Rxd4 Rxd4 39. Bc3
Rde4 40. Bxe5 Rxe5 41. Ra6 Re2 42. Rxb6+ Kh7 43. c5 Rxg2 44. c6 Rg1+ 45. Kc2
Rg2+ 46. Kc3 Rg4 47. Kb2 Rg2+ 48. Kc3 Rg1 49. Kb4 Rc1 50. Rb5 Rxc6 51. Rxf5 g6
52. Rf7+ Kh6 53. a4 g5 54. hxg5+ Kxg5 55. a5 h4 56. Kb5 Rh6 57. Rf1 h3 58. a6
h2 59. Rh1 Kg4 60. b4 Kg3 61. a7 Rh8 62. Ka6 Kg2 63. Rxh2+ Kxh2 64. b5 Kg3 65.
b6 Kf3 66. b7 Rh6+ 67. Kb5 Rh5+ 68. Kb4 Rh4+ 69. Kb3 Rb4+ 70. Kxb4 Ke2 71. b8=Q
Kd2 72. a8=R Ke3 73. Qg3+ Kd4 74. Kb5 Ke4 75. Ra4+ Kd5 76. Qg5+ Kd6 77. Ra6+
Kc7 78. Re6 Kb7 79. Qg7+ Kb8 80. Re8# 1-0

[Event "Mercredi 2013.01.09 ABCD"]
[Site "Montreal"]
[Date "2013.01.30"]
[Round "4"]
[White "Ostaci, Liviu"]
[Black "Pilotte, Benoit"]
[Result "0-1"]
[WhiteElo "1892"]
[BlackElo "1804"]
[PlyCount "50"]
[EventDate "2013.01.09"]
[EventRounds "5"]
[EventCountry "CAN"]
[SourceDate "2005.09.12"]

1. d4 h6 2. Nf3 g5 3. e3 Bg7 4. Bd3 d6 5. O-O e6 6. Nbd2 Nc6 7. c3 g4 8. Ne1 h5
9. Rb1 Nf6 10. e4 e5 11. d5 Ne7 12. Nc4 h4 13. a4 Bd7 14. Bc2 a6 15. Nd2 g3 16.
h3 Qc8 17. f4 exf4 18. Rxf4 Ng6 19. Rf1 Bxh3 20. Ndf3 Bg4 21. a5 h3 22. Ba4+
Kf8 23. Qd3 hxg2 24. Nxg2 Bxf3 25. Qxf3 Rh1+ 0-1

[Event "Mercredi 2013.01.09 ABCD"]
[Site "Montreal"]
[Date "2013.01.30"]
[Round "4"]
[White "Gates, Claude-Eric"]
[Black "Heredia, Jose"]
[Result "0-1"]
[WhiteElo "1761"]
[BlackElo "1766"]
[PlyCount "128"]
[EventDate "2013.01.09"]
[EventRounds "5"]
[EventCountry "CAN"]
[SourceDate "2005.09.12"]

1. c4 c6 2. g3 d5 3. Bg2 Bf5 4. Nf3 e6 5. O-O Nf6 6. d3 Be7 7. b3 O-O 8. Bb2
dxc4 9. bxc4 Nbd7 10. Nbd2 Qc7 11. Nh4 Bg6 12. Nxg6 hxg6 13. Nf3 Nh7 14. Rb1
Ng5 15. Bc1 Nxf3+ 16. Bxf3 Rad8 17. Be3 b6 18. Qa4 c5 19. Bf4 e5 20. Bd2 Rfe8
21. Qc2 Nb8 22. a4 Nc6 23. Bxc6 Qxc6 24. a5 Bd6 25. axb6 axb6 26. Rb3 Bc7 27.
e4 Ra8 28. Rfb1 Ra6 29. Qc1 Rea8 30. Bc3 f6 31. Kg2 Kf7 32. Rb5 Qd7 33. Qc2 Rh8
34. Rh1 Qh3+ 35. Kf3 Rh4 36. Bd2 Ra8 37. Qb1 Qg4+ 38. Ke3 Rh3 39. f3 Qd7 40.
Rb2 Qd4+ 41. Ke2 Rah8 42. Kd1 Rxh2 43. Rxh2 Rxh2 44. Kc2 Qf2 45. Kc3 Qxf3 46.
Qa2 Qf2 47. Be3 Qxb2+ 48. Qxb2 Rxb2 49. Kxb2 f5 50. Bg5 Ke8 51. Kc2 Bd8 52. Be3
g5 53. exf5 g4 54. Kb3 Kf7 55. Ka4 Kf6 56. Kb5 Kxf5 57. Kc6 Ke6 58. Bd2 e4 59.
dxe4 Ke5 60. Bc3+ Kxe4 61. Bxg7 Kd3 62. Kb5 Bc7 63. Bf8 Bxg3 64. Kxb6 Bf2 0-1

[Event "Mercredi 2013.01.09 ABCD"]
[Site "Montreal"]
[Date "2013.02.06"]
[Round "5"]
[White "Pilotte, Benoit"]
[Black "Nardone, Raul"]
[Result "1/2-1/2"]
[WhiteElo "1804"]
[BlackElo "1851"]
[PlyCount "74"]
[EventDate "2013.01.09"]
[EventRounds "5"]
[EventCountry "CAN"]
[SourceDate "2005.09.12"]

1. b3 e5 2. Bb2 Nc6 3. e3 d5 4. Bb5 Bd6 5. Nf3 f6 6. a3 Bd7 7. b4 Nce7 8. Nc3
c6 9. Ba4 b5 10. Bb3 a5 11. bxa5 Rxa5 12. d3 Qa8 13. O-O Nh6 14. Qd2 Nf7 15. a4
b4 16. Na2 c5 17. c3 Qb7 18. cxb4 cxb4 19. Rfb1 O-O 20. e4 Rfa8 21. Nc3 bxc3
22. Bxc3 Qa7 23. exd5 Rxd5 24. Bxd5 Nxd5 25. a5 Nxc3 26. Qxc3 Bc5 27. Ra2 Bg4
28. a6 Bxf3 29. gxf3 Bd4 30. Qc4 Rf8 31. Rb7 Qa8 32. Qb3 Qc8 33. Rc2 Qf5 34. a7
Qxf3 35. Rxf7 Qd1+ 36. Kg2 Qg4+ 37. Kf1 Qd1+ 1/2-1/2

[Event "Mercredi 2013.01.09 ABCD"]
[Site "Montreal"]
[Date "2013.02.06"]
[Round "5"]
[White "Barko, Maxime"]
[Black "Gates, Claude-Eric"]
[Result "1/2-1/2"]
[WhiteElo "1828"]
[BlackElo "1761"]
[PlyCount "123"]
[EventDate "2013.01.09"]
[EventRounds "5"]
[EventCountry "CAN"]
[SourceDate "2005.09.12"]

1. d4 Nf6 2. Nf3 e6 3. e3 b6 4. Bd3 Bb7 5. O-O Be7 6. Qe2 d5 7. b3 O-O 8. Bb2
Nbd7 9. Nbd2 Ne4 10. Ne5 f6 11. Nxd7 Qxd7 12. c4 f5 13. Nf3 Bd6 14. Rac1 Qf7
15. Ne5 Bxe5 16. dxe5 Nc5 17. Bb1 dxc4 18. bxc4 Qg6 19. f3 Qh6 20. Ba3 f4 21.
e4 Qg5 22. Bb2 Rad8 23. Bc2 Rf7 24. Rcd1 Rfd7 25. Rxd7 Rxd7 26. Rd1 Rd8 27.
Rxd8+ Qxd8 28. Qd1 Qxd1+ 29. Bxd1 Nd3 30. Bc3 Ba6 31. Bb3 Kf7 32. Bd4 Nc1 33.
Kf2 c5 34. Bc3 Nxb3 35. axb3 Bb7 36. h4 Bc6 37. Bd2 g6 38. Bxf4 Ke7 39. Bg5+
Kd7 40. Bd2 a6 41. Ke3 b5 42. Ba5 Bb7 43. Kf4 bxc4 44. bxc4 h6 45. g3 Bc6 46.
Bb6 Ba4 47. Bxc5 Bb3 48. Bf8 Bxc4 49. Bxh6 Ke7 50. Kg4 a5 51. Bd2 a4 52. Bb4+
Kf7 53. f4 Bd3 54. Kf3 Bc2 55. Ke3 Bd1 56. Ba3 Bh5 57. Kd4 Bf3 58. Bb4 Bd1 59.
Kc5 Bf3 60. Kd6 Bxe4 61. g4 Bf3 62. g5 1/2-1/2

[Event "Mercredi 2013.01.09 ABCD"]
[Site "Montreal"]
[Date "2013.02.06"]
[Round "5"]
[White "Heredia, Jose"]
[Black "Ostaci, Liviu"]
[Result "1-0"]
[WhiteElo "1766"]
[BlackElo "1892"]
[PlyCount "37"]
[EventDate "2013.01.09"]
[EventRounds "5"]
[EventCountry "CAN"]
[SourceDate "2005.09.12"]

1. e4 e5 2. Nf3 Nc6 3. Bb5 a6 4. Ba4 Nf6 5. Qe2 Bc5 6. Bxc6 dxc6 7. d3 Qe7 8.
Be3 Bd6 9. h3 O-O 10. Nbd2 b6 11. Nh2 Bb7 12. g4 c5 13. g5 Nd7 14. Rg1 b5 15.
Qh5 g6 16. Qg4 f5 17. gxf6 Nxf6 18. Qh4 Nh5 19. Qxh5 1-0